Statistiques concernant 100 plus grandes villes de Scandinavie + Finlande

Cliquez ici pour prendre le quiz!

Statistiques générales

  • Ce quiz a été pris 346 fois
  • Le résultat moyen est 18 sur 100

Réponses sur la Carte

Les réponses sont colorées sur une échelle allant du rouge au vert en fonction du pourcentage des utilisateurs qui les ont devinées à leur premier essai. Vous pouvez retrouver ces pourcentages ci-dessous.
 

Statistiques - réponses

VillePopulation (2023)% Correct
Oslo709,037
99%
Stockholm984,748
98%
Helsinki664,028
97%
Copenhague653,664
94%
Reykjavík242,995
92%
Malmö357,377
89%
Göteborg596,841
82%
Bergen289,330
72%
Aarhus361,544
54%
Tampere249,009
51%
Trondheim212,660
49%
Oulu211,848
44%
Uppsala242,140
44%
Aalborg222,571
41%
Odense207,762
41%
Tromsø77,992
39%
Turku197,900
38%
Rovaniemi64,535
36%
Stavanger146,011
34%
Espoo305,274
30%
Helsingborg150,975
23%
Linköping166,673
23%
Umeå132,235
23%
Jönköping145,114
22%
Vantaa242,819
21%
Gotland61,173
20%
Norrköping145,120
20%
Kristiansand115,569
19%
Luleå79,244
18%
Nordre Follo62,245
18%
Örebro158,057
17%
Jyväskylä145,887
16%
Kalmar72,018
15%
Västerås158,653
15%
Lahti120,175
14%
Vaasa67,988
14%
Ålesund67,520
13%
Esbjerg115,758
13%
Lund128,384
13%
Kuopio122,594
11%
Pori83,205
11%
Drammen103,291
10%
Randers99,931
10%
Växjö97,137
10%
Gävle103,493
9%
Joensuu77,513
9%
Lillestrøm91,515
9%
Östersund64,714
9%
Roskilde90,446
9%
Solna85,450
9%
Vejle120,949
9%
Helsingør63,399
8%
Karlstad96,466
8%
Viborg97,731
8%
Fredrikstad84,444
7%
Halmstad105,148
7%
Kristianstad86,738
7%
Lappeenranta72,650
7%
Sundsvall99,361
7%
Eskilstuna107,918
6%
Kolding94,528
6%
Silkeborg99,400
6%
Södertälje102,426
6%
Borås114,445
5%
Falun59,818
5%
Hämeenlinna68,043
5%
Kouvola79,429
5%
Herning89,952
4%
Horsens96,480
4%
Karlskrona66,682
4%
Sandnes82,548
4%
Skellefteå74,402
4%
Sønderborg74,380
4%
Frederiksberg104,664
3%
Hjørring63,998
3%
Sandefjord65,574
3%
Seinäjoki65,323
3%
Varberg67,800
3%
Asker97,784
2%
Bærum129,874
2%
Huddinge114,504
2%
Næstved84,574
2%
Skanderborg65,138
2%
Slagelse79,728
2%
Svendborg59,735
2%
Täby75,137
2%
Trollhättan59,274
2%
Botkyrka95,383
1%
Gladsaxe70,001
1%
Holbæk73,440
1%
Køge62,458
1%
Kungsbacka85,801
1%
Mölndal70,109
1%
Norrtälje65,587
1%
Sollentuna76,237
1%
Gentofte74,838
0%
Guldborgsund60,231
0%
Haninge97,683
0%
Järfälla85,460
0%
Nacka109,486
0%

Distribution des résultats

Percentile par nombre de réponses

% des personnes avec chaque résultat

Votre développement - résultats

Vous n’avez pas pris ce quiz